00529 2200193 4500001002100000005001700021035002500038090001800063100001900081245008100100250001100181260002600192300003400218500002700252650001400279850001200293990001500305990001500320YOGYA00000000001154220150312125242.0 a0010-081400000011260 a615.892 Cal S aCalehr, Hallym a100 capita, selecta diagnosa dan pengobatan akupuntur terbarucHallym Calehr aCet. 1 aBandungbAlumnic1983 axxxi, 238 hlm.cilus.c23 cm. aYang diterima : Jil. 1 aAkupuntur aYOPDYOG a74255-P/95 a52106-P/94